Zákon o Štátnom fonde rozvoja bývania. 6

Výklad jednotlivých častí zákona č.124/1996 Z.z. o Štátnom fonde rozvoja bývania. Problematika foriem a druhov podpôr, ktoré možno z prostriedkov fondu bývania poskytnúť žiadateľovi. Druhy nenávratných príspevkov a ich výška.

Gespeichert in:
Bibliographische Detailangaben
1. Verfasser: Giller, Pavol
Format: Buchkapitel
Sprache:Slowakisch
Schlagworte:
Tags: Tag hinzufügen
Keine Tags, Fügen Sie das erste Tag hinzu!

MARC

LEADER 00000naa a2200000 4500
001 r025328
005 20230825075826.7
041 0 |a slo 
044 |a SK 
245 1 0 |a Zákon o Štátnom fonde rozvoja bývania. 6  |c Pavol Giller 
520 |a Výklad jednotlivých častí zákona č.124/1996 Z.z. o Štátnom fonde rozvoja bývania. Problematika foriem a druhov podpôr, ktoré možno z prostriedkov fondu bývania poskytnúť žiadateľovi. Druhy nenávratných príspevkov a ich výška. 
610 2 0 |a Štátny fond rozvoja bývania Bratislava 
610 2 0 |a zákony 
610 2 0 |a Slovensko 
610 2 0 |a 1996 
610 2 0 |a bývanie 
610 2 0 |a podpory 
610 2 0 |a byty 
610 2 0 |a pôžičky 
610 2 0 |a úver 
100 1 |a Giller, Pavol